000 00567nam a22001817a 4500
003 UA-OsUOA
001 10979
007 ta
008 20050126b un ||||| |||| 00| 0 ukr d
100 _aШтанько П.
942 _cSA
040 _aUA-OsUOA
_cUA-OsUOA
_dUA-OsUOA
245 _aСобор Св. Петра у Ватикані
300 _aС.39
955 _a0
773 0 _w0
_tВсесвітня література та культура в навчальних закладах України
_dКиїв
_d2005
_g№1
650 7 _aАрхітектура
_2UDC
999 _c297140
_d297140